| 000 | 01147nam0a22002531 4500 | ||
|---|---|---|---|
| 001 | rc\2858204 | ||
| 005 | 20250529205923.0 | ||
| 035 | _a(NLR Aleph) 007012675 | ||
| 090 |
_a5830190 _c5830190 |
||
| 100 | _a20110708d1932 |||y0rusy50 ca | ||
| 101 | 0 | _arus | |
| 102 | _aRU | ||
| 105 | _ay z ||||| | ||
| 200 | 1 |
_aПоходы Тамас-Кули-хана (Надиршаха) и избрание его шахом в описании Акопа Шамахеци _fС. Тер-Аветисян |
|
| 210 |
_aТифлис _cНауч.-исслед. ин-т Кавказоведения Акад. наук СССР _d1932 |
||
| 215 |
_a17 с. _d22 см |
||
| 225 | 1 |
_aТруды историко-экономического сектора _fАкад. наук СССР. Науч.-исслед. ин-т Кавказоведения _fСекция феодальной формации |
|
| 700 | 1 |
_7ca _8rus _aТер-Аветисян _bС. В. _f1875-1943 _gСмбат Вартанович _9268803 _3RU\NLR\AUTH\770268859 |
|
| 801 | 0 |
_aRU _bNLR _gpsbo |
|
| 801 | 1 |
_aRU _bELAR _2rusmarc |
|
| 852 |
_aNLR _j33-11/424 |
||
| 942 | _cBOOK | ||
| 980 | _aNB | ||